000 00949nam a2200277 a 4500
008
020 _a0521452694 (hbk.)
049 _aMAIN
090 0 0 _aRC607.A26
245 0 0 _aManagement of the HIV-infected patient /
_cforeword by Jonathan Mann ; edited by Suzanne Crowe, Jennifer Hoy, and John Mills.
260 _aCambridge ;
_aNew York, NY :
_bCambridge University Press,
_c1996.
300 _axvii, 437 p. :
_bill. (some col.) ;
_c26 cm.
504 _aIncludes bibliographical references.
500 _aIncludes index.
650 0 _aAIDS (Disease)
_xHandbooks, manuals, etc.
650 2 2 _aHIV Infections
_xtherapy.
650 2 2 _aAcquired Immunodeficiency Syndrome.
700 1 _aCrowe, Suzanne.
700 1 _aHoy, Jennifer.
700 1 _aMills, John.
907 _a.b10152040
_b03-03-05
_c15-02-05
003
005 20230120203844.0
040 _cNUST
942 _cBOOKS
_kRC607.A26
999 _c112692
_d112692